[Event "U12-U20 French Championships"]
[Site "chess24.com"]
[Date "2019.04.20"]
[Round "8"]
[White "Djidjeli, Sarah"]
[Black "Aubert, Estee"]
[Result "0-1"]
[Board "23"]
[WhiteElo "2041"]
[WhiteCountry "FRA"]
[WhiteFideId "36067474"]
[WhiteEloChange "-15"]
[BlackElo "1839"]
[BlackCountry "FRA"]
[BlackFideId "26053438"]
[BlackEloChange "15"]

1. e4 {[%clk 1:30:58]} c5 {[%clk 1:30:56]} 2. Nf3 {[%clk 1:31:22]} a6 {[%clk
1:31:18]} 3. Be2 {[%clk 1:31:38]} Nc6 {[%clk 1:29:30]} 4. O-O {[%clk 1:31:48]}
Nf6 {[%clk 1:24:58]} 5. d3 {[%clk 1:28:11]} g6 {[%clk 1:22:31]} 6. a4 {[%clk
1:23:20]} Bg7 {[%clk 1:21:28]} 7. Na3 {[%clk 1:19:32]} d5 {[%clk 1:19:19]} 8.
exd5 {[%clk 1:16:56]} Nxd5 {[%clk 1:19:39]} 9. Nc4 {[%clk 1:16:27]} b6 {[%clk
1:19:19]} 10. Re1 {[%clk 1:10:48]} O-O {[%clk 1:18:55]} 11. Bf1 {[%clk 1:05:40]}
Qc7 {[%clk 1:18:18]} 12. g3 {[%clk 1:02:53]} Bb7 {[%clk 1:14:27]} 13. Bg2 {[%clk
1:01:31]} Rad8 {[%clk 1:09:42]} 14. Qe2 {[%clk 0:58:35]} Ndb4 {[%clk 1:06:37]}
15. Bf4 {[%clk 0:55:39]} e5 {[%clk 1:06:37]} 16. Bg5 {[%clk 0:39:40]} f6 {[%clk
1:03:30]} 17. Be3 {[%clk 0:37:22]} Rfe8 {[%clk 1:02:44]} 18. Rad1 {[%clk
0:29:47]} Nd4 {[%clk 0:48:02]} 19. Bxd4 {[%clk 0:29:59]} cxd4 {[%clk 0:48:05]}
20. Qd2 {[%clk 0:28:46]} Bf8 {[%clk 0:04:57]} 21. Nh4 {[%clk 0:24:20]} Bxg2
{[%clk 0:37:58]} 22. Nxg2 {[%clk 0:24:32]} Nd5 {[%clk 0:38:20]} 23. Qe2 {[%clk
0:18:13]} Bb4 {[%clk 0:34:38]} 24. Rf1 {[%clk 0:17:32]} b5 {[%clk 0:34:54]} 25.
axb5 {[%clk 0:17:53]} axb5 {[%clk 0:35:20]} 26. Na3 {[%clk 0:17:39]} Bxa3 {[%clk
0:35:29]} 27. bxa3 {[%clk 0:18:07]} Nc3 {[%clk 0:35:54]} 28. Qd2 {[%clk 0:18:25]}
Nxd1 {[%clk 0:36:16]} 29. Rxd1 {[%clk 0:18:53]} Qc5 {[%clk 0:33:27]} 30. Qh6
{[%clk 0:16:26]} Rc8 {[%clk 0:31:48]} 31. Rd2 {[%clk 0:15:41]} Qxa3 {[%clk
0:31:53]} 32. Re2 {[%clk 0:15:01]} Rc3 {[%clk 0:31:26]} 33. Qh4 {[%clk 0:12:49]}
Kg7 {[%clk 0:31:27]} 34. Qg4 {[%clk 0:13:04]} Re7 {[%clk 0:31:13]} 35. Nh4 {[%clk
0:13:25]} Qc1+ {[%clk 0:30:27]} 36. Kg2 {[%clk 0:13:37]} Kf7 {[%clk 0:29:22]} 37.
Qe4 {[%clk 0:12:30]} Qb2 {[%clk 0:22:56]} 38. Qd5+ {[%clk 0:11:24]} Kg7 {[%clk
0:23:20]} 39. Nf3 {[%clk 0:11:31]} Rcc7 {[%clk 0:20:20]} 40. Ne1 {[%clk 0:10:40]}
Qb4 {[%clk 0:18:53]} 41. Qf3 {[%clk 0:09:48]} Qc3 {[%clk 0:17:56]} 42. Qg4 {[%clk
0:09:38]} Ra7 {[%clk 0:17:38]} 43. Nf3 {[%clk 0:09:34]} Qc6 {[%clk 0:17:53]} 44.
h4 {[%clk 0:00:52]} h5 {[%clk 0:02:34]} 45. Qh3 {[%clk 0:09:24]} f5 {[%clk
0:00:55]} 46. Qh1 {[%clk 0:09:05]} Qd5 {[%clk 0:01:07]} 47. Qe1 {[%clk 0:08:07]}
Kf6 {[%clk 0:15:10]} 48. Qd2 {[%clk 0:01:15]} Kg7 {[%clk 0:00:04]} 49. Qe1 {[%clk
0:00:44]} e4 {[%clk 0:01:00]} 50. dxe4 {[%clk 0:08:04]} fxe4 {[%clk 0:01:31]} 51.
Kh2 {[%clk 0:06:01]} e3 {[%clk 0:09:33]} 52. Ng5 {[%clk 0:01:57]} Qe5 {[%clk
0:00:45]} 53. fxe3 {[%clk 0:06:20]} dxe3 {[%clk 0:08:35]} 54. Nf3 {[%clk
0:06:35]} Qc5 {[%clk 0:07:12]} 55. Ng5 {[%clk 0:06:00]} Rad7 {[%clk 0:05:43]} 56.
Qa1+ {[%clk 0:02:34]} Qe5 {[%clk 0:04:08]} 57. Qe1 {[%clk 0:04:30]} Rd2 {[%clk
0:03:24]} 58. Nf3 {[%clk 0:02:51]} Rxe2+ {[%clk 0:03:54]} 59. Qxe2 {[%clk
0:00:15]} Qc5 {[%clk 0:04:09]} 60. Kg2 {[%clk 0:03:21]} Rc7 {[%clk 0:03:25]} 61.
Ne1 {[%clk 0:02:44]} Qc3 {[%clk 0:03:35]} 62. Qxb5 {[%clk 0:02:29]} Qd2+ {[%clk
0:03:41]} 63. Kh3 {[%clk 0:02:32]} Rf7 {[%clk 0:03:00]} 64. Qe5+ {[%clk 0:02:05]}
Kh7 {[%clk 0:03:30]} 65. Qe6 {[%clk 0:02:20]} Qf2 {[%clk 0:03:21]} 66. Ng2 {[%clk
0:01:02]} e2 {[%clk 0:03:27]} 67. c4 {[%clk 0:02:14]} Qf5+ {[%clk 0:02:44]} 68.
Qxf5 {[%clk 0:01:43]} Rxf5 {[%clk 0:03:14]} 69. g4 Rf1 {[%clk 0:03:44]} 70. gxh5
{[%clk 0:02:05]} gxh5 {[%clk 0:04:14]} 71. Kg3 {[%clk 0:01:20]} e1Q+ {[%clk
0:04:44]} 72. Nxe1 {[%clk 0:01:44]} Rxe1 {[%clk 0:05:14]} 73. Kf4 {[%clk
0:01:04]} Kg6 {[%clk 0:05:44]} 0-1

[Event "U12-U20 French Championships"]
[Site "chess24.com"]
[Date "2019.04.20"]
[Round "8"]
[White "Diez, Ambre"]
[Black "Yuan, Beline"]
[Result "1-0"]
[Board "24"]
[WhiteElo "1775"]
[WhiteCountry "FRA"]
[WhiteFideId "36074772"]
[WhiteEloChange "15"]
[BlackElo "1977"]
[BlackCountry "FRA"]
[BlackFideId "36019879"]
[BlackEloChange "-15"]

1. c4 {[%clk 1:30:55]} Nf6 {[%clk 1:30:37]} 2. Nc3 {[%clk 1:31:17]} d6 {[%clk
1:30:20]} 3. g3 {[%clk 1:31:36]} g6 {[%clk 1:30:24]} 4. Bg2 {[%clk 1:31:59]} Bg7
{[%clk 1:30:26]} 5. e4 {[%clk 1:31:52]} Nc6 {[%clk 1:29:50]} 6. Nge2 {[%clk
0:00:23]} e5 {[%clk 1:28:43]} 7. d3 {[%clk 1:31:15]} O-O {[%clk 1:22:00]} 8. O-O
{[%clk 4:44:45]} Nh5 {[%clk 1:21:25]} 9. f4 {[%clk 1:27:10]} f5 {[%clk 1:19:58]}
10. Rb1 {[%clk 1:17:18]} a5 {[%clk 1:19:34]} 11. Nd5 {[%clk 1:14:47]} Nd4 {[%clk
1:11:27]} 12. fxe5 {[%clk 1:02:42]} dxe5 {[%clk 1:05:08]} 13. Nxd4 {[%clk
1:02:45]} exd4 {[%clk 1:03:25]} 14. exf5 {[%clk 1:02:16]} Rxf5 {[%clk 0:45:10]}
15. Rxf5 {[%clk 1:02:10]} Bxf5 {[%clk 0:45:04]} 16. g4 {[%clk 1:02:05]} Qh4
{[%clk 0:40:13]} 17. gxh5 {[%clk 0:31:32]} Re8 {[%clk 0:36:29]} 18. Bf4 {[%clk
0:30:46]} c6 {[%clk 0:35:45]} 19. Bg3 {[%clk 0:30:11]} Qg5 {[%clk 0:34:12]} 20.
Nf4 {[%clk 0:26:32]} Bg4 {[%clk 0:32:55]} 21. Nh3 {[%clk 0:24:34]} Qe3+ {[%clk
0:30:33]} 22. Bf2 {[%clk 0:24:50]} Bxd1 {[%clk 0:30:52]} 23. Bxe3 {[%clk
0:25:12]} Bc2 {[%clk 0:31:19]} 24. Rc1 {[%clk 0:25:14]} dxe3 {[%clk 0:31:47]} 25.
Be4 {[%clk 0:22:46]} e2 {[%clk 0:31:45]} 26. Re1 {[%clk 0:18:59]} Bd1 {[%clk
0:31:01]} 27. Nf2 {[%clk 0:19:11]} Bd4 {[%clk 0:30:41]} 28. Kg2 {[%clk 0:19:32]}
Rf8 {[%clk 0:29:12]} 29. Bf3 {[%clk 0:18:51]} g5 {[%clk 0:28:12]} 30. h3 {[%clk
0:18:48]} Bxf2 {[%clk 0:19:11]} 31. Kxf2 {[%clk 0:19:12]} Kg7 {[%clk 0:19:25]}
32. Kg3 {[%clk 0:18:07]} Re8 {[%clk 0:19:37]} 33. Be4 {[%clk 0:16:16]} h6 {[%clk
0:14:55]} 34. Kf2 {[%clk 0:15:20]} Rf8+ {[%clk 0:13:59]} 35. Bf3 {[%clk 0:15:45]}
Rf6 {[%clk 0:12:19]} 36. Ke3 {[%clk 0:15:37]} Re6+ {[%clk 0:11:24]} 37. Kd2
{[%clk 0:15:12]} Kf6 {[%clk 0:10:39]} 38. Bxe2 {[%clk 0:15:23]} Bxe2 {[%clk
0:08:11]} 39. Rxe2 {[%clk 0:15:47]} Rxe2+ {[%clk 0:07:35]} 40. Kxe2 {[%clk
0:16:12]} Kf5 {[%clk 0:06:30]} 41. Kf3 {[%clk 0:16:34]} Ke5 {[%clk 0:06:42]} 42.
Ke3 {[%clk 0:16:53]} b6 {[%clk 0:05:25]} 43. a4 {[%clk 0:15:50]} Kf5 {[%clk
0:03:27]} 44. d4 {[%clk 0:15:05]} c5 {[%clk 0:01:07]} 45. d5 {[%clk 0:15:21]} Ke5
{[%clk 0:01:29]} 46. b3 {[%clk 0:15:44]} Kf5 {[%clk 0:01:45]} 47. d6 {[%clk
0:15:51]} Ke6 {[%clk 0:02:11]} 48. Ke4 {[%clk 0:16:15]} Kxd6 {[%clk 0:02:29]} 49.
Kf5 {[%clk 0:16:40]} Ke7 {[%clk 0:02:22]} 50. Kg6 {[%clk 0:16:55]} Ke6 {[%clk
0:02:50]} 51. Kxh6 {[%clk 0:17:01]} Kf6 {[%clk 0:03:03]} 52. Kh7 {[%clk 0:17:23]}
Kf7 {[%clk 0:03:28]} 53. h6 {[%clk 0:17:45]} 1-0

[Event "U12-U20 French Championships"]
[Site "chess24.com"]
[Date "2019.04.20"]
[Round "8"]
[White "Moracchini, Margaux"]
[Black "Tomasi, Elise"]
[Result "0-1"]
[Board "25"]
[WhiteElo "1891"]
[WhiteCountry "FRA"]
[WhiteFideId "36018198"]
[WhiteEloChange "-10"]
[BlackElo "1904"]
[BlackCountry "FRA"]
[BlackFideId "26088843"]
[BlackEloChange "10"]

1. e4 {[%clk 1:30:56]} e5 {[%clk 1:30:41]} 2. Nf3 {[%clk 1:31:21]} Nc6 {[%clk
1:31:06]} 3. d4 {[%clk 1:31:47]} exd4 {[%clk 1:31:13]} 4. Nxd4 {[%clk 1:32:12]}
Bc5 {[%clk 1:30:48]} 5. Be3 {[%clk 1:32:36]} Bb6 {[%clk 1:30:47]} 6. Nc3 {[%clk
1:32:54]} Nge7 {[%clk 1:29:44]} 7. Qd2 {[%clk 1:33:12]} d6 {[%clk 1:29:18]} 8. f3
{[%clk 1:28:22]} O-O {[%clk 1:26:32]} 9. O-O-O {[%clk 1:26:49]} Kh8 {[%clk
1:21:24]} 10. Be2 {[%clk 1:22:36]} Nxd4 {[%clk 1:18:22]} 11. Bxd4 {[%clk
1:22:59]} Nc6 {[%clk 1:17:52]} 12. Bxb6 {[%clk 1:22:01]} axb6 {[%clk 1:18:04]}
13. a3 {[%clk 1:19:24]} f5 {[%clk 1:13:56]} 14. h4 {[%clk 1:13:31]} Be6 {[%clk
1:04:49]} 15. exf5 {[%clk 1:07:23]} Rxf5 {[%clk 0:55:41]} 16. g4 {[%clk 1:03:31]}
Rf7 {[%clk 0:54:34]} 17. Ne4 {[%clk 1:02:07]} Rd7 {[%clk 0:44:03]} 18. Ng5 {[%clk
0:46:05]} Bg8 {[%clk 0:42:35]} 19. Kb1 {[%clk 0:34:39]} Qf6 {[%clk 0:34:49]} 20.
h5 {[%clk 0:29:35]} d5 {[%clk 0:22:05]} 21. f4 {[%clk 0:20:49]} Re8 {[%clk
0:12:42]} 22. Bd3 {[%clk 0:13:43]} Qd4 {[%clk 0:07:35]} 23. h6 {[%clk 0:06:23]}
g6 {[%clk 0:06:16]} 24. f5 {[%clk 0:04:03]} gxf5 {[%clk 0:02:42]} 25. gxf5 {[%clk
0:04:19]} Qf6 {[%clk 0:02:19]} 26. Rdg1 {[%clk 0:03:26]} Ne5 {[%clk 0:02:05]} 27.
Bf1 {[%clk 0:02:07]} c6 {[%clk 0:01:18]} 28. Rg3 {[%clk 0:01:33]} Rde7 {[%clk
0:00:50]} 29. Bh3 {[%clk 0:00:50]} Nc4 {[%clk 0:00:59]} 30. Qc3 {[%clk 0:01:00]}
d4 {[%clk 0:00:47]} 31. Qd3 {[%clk 0:00:32]} Re3 {[%clk 0:00:48]} 32. Rxe3 {[%clk
0:00:49]} Rxe3 {[%clk 0:01:13]} 33. Qd1 {[%clk 0:01:15]} d3 {[%clk 0:01:19]} 34.
c3 {[%clk 0:00:40]} Qxg5 {[%clk 0:01:07]} 35. Rg1 {[%clk 0:01:03]} Qxh6 {[%clk
0:00:37]} 36. Qg4 {[%clk 0:01:10]} Re8 {[%clk 0:00:34]} 37. Qd4+ {[%clk 0:01:33]}
Ne5 {[%clk 0:00:53]} 38. Bf1 {[%clk 0:00:51]} c5 {[%clk 0:00:46]} 39. Qa4 {[%clk
0:01:07]} Qc6 {[%clk 0:01:17]} 40. Qh4 {[%clk 0:01:17]} Nf3 {[%clk 0:01:13]} 0-1

[Event "U12-U20 French Championships"]
[Site "chess24.com"]
[Date "2019.04.20"]
[Round "8"]
[White "Francois, Gwladys"]
[Black "Konate, Salma"]
[Result "1/2-1/2"]
[Board "26"]
[WhiteElo "1843"]
[WhiteCountry "FRA"]
[WhiteFideId "26064839"]
[WhiteEloChange "-4"]
[BlackElo "1695"]
[BlackCountry "FRA"]
[BlackFideId "36034975"]
[BlackEloChange "4"]

1. e4 {[%clk 1:30:51]} c5 {[%clk 1:30:53]} 2. Nf3 {[%clk 1:30:56]} Nc6 {[%clk
1:30:49]} 3. Bb5 {[%clk 1:30:24]} e6 {[%clk 1:31:11]} 4. Bxc6 {[%clk 1:29:39]}
bxc6 {[%clk 1:31:27]} 5. O-O {[%clk 1:28:39]} Ne7 {[%clk 1:30:07]} 6. b3 {[%clk
1:26:13]} Ng6 {[%clk 1:29:21]} 7. Bb2 {[%clk 1:25:33]} f6 {[%clk 1:27:31]} 8. c3
{[%clk 1:14:08]} d5 {[%clk 1:22:03]} 9. d3 {[%clk 1:11:07]} Rb8 {[%clk 1:18:31]}
10. Qc2 {[%clk 1:06:23]} Ba6 {[%clk 1:11:18]} 11. Re1 {[%clk 1:01:23]} Nf4 {[%clk
0:49:45]} 12. c4 {[%clk 0:59:20]} dxe4 {[%clk 0:45:18]} 13. Rxe4 {[%clk 0:43:55]}
Nxd3 {[%clk 0:30:34]} 14. Bc3 {[%clk 0:25:51]} e5 {[%clk 0:24:07]} 15. Re3 {[%clk
0:21:37]} Nb4 {[%clk 0:17:44]} 16. Qe2 {[%clk 0:20:02]} Nd5 {[%clk 0:11:11]} 17.
Rd3 {[%clk 0:19:30]} Qe7 {[%clk 0:09:13]} 18. Rd1 {[%clk 0:17:01]} Nf4 {[%clk
0:06:30]} 19. Qe4 {[%clk 0:16:01]} Qe6 {[%clk 0:05:13]} 20. Qe3 {[%clk 0:13:32]}
Bd6 {[%clk 0:04:25]} 21. Nbd2 {[%clk 0:12:58]} Qg4 {[%clk 0:01:34]} 22. Ne1
{[%clk 0:03:42]} Ne2+ {[%clk 0:01:38]} 23. Kh1 {[%clk 0:09:53]} Nd4 {[%clk
0:01:14]} 24. Ne4 {[%clk 0:09:05]} Be7 {[%clk 0:01:21]} 25. f3 {[%clk 0:08:06]}
Qg6 {[%clk 0:01:24]} 26. Nxc5 {[%clk 0:07:40]} Nf5 {[%clk 0:00:33]} 27. Qf2
{[%clk 0:08:02]} Bc8 {[%clk 0:00:43]} 28. Rd2 {[%clk 0:05:47]} O-O {[%clk
0:00:40]} 29. Rad1 {[%clk 0:06:16]} Bxc5 {[%clk 0:00:33]} 30. Qxc5 {[%clk
0:06:44]} Bb7 {[%clk 0:00:34]} 31. Nc2 {[%clk 0:06:29]} Qh6 {[%clk 0:00:35]} 32.
Qxa7 {[%clk 0:04:47]} Nh4 {[%clk 0:00:33]} 33. Qf2 {[%clk 0:02:58]} Ra8 {[%clk
0:00:35]} 34. a3 {[%clk 0:03:20]} Bc8 {[%clk 0:00:45]} 35. a4 {[%clk 0:02:37]}
Rb8 {[%clk 0:00:57]} 36. b4 {[%clk 0:02:21]} Be6 {[%clk 0:01:07]} 37. Ne3 {[%clk
0:02:45]} Qf4 {[%clk 0:00:45]} 38. g3 {[%clk 0:02:30]} Qxf3+ {[%clk 0:01:07]} 39.
Qxf3 {[%clk 0:02:59]} Nxf3 {[%clk 0:01:26]} 40. Rd6 {[%clk 0:03:26]} Bc8 {[%clk
0:01:22]} 41. Kg2 {[%clk 0:03:07]} Ng5 {[%clk 0:01:36]} 42. Rd8 {[%clk 0:03:14]}
Bh3+ {[%clk 0:01:57]} 43. Kf2 {[%clk 0:03:19]} Rbxd8 {[%clk 0:02:17]} 44. Rc1
{[%clk 0:03:03]} Ne4+ {[%clk 0:01:48]} 45. Kf3 {[%clk 0:03:21]} Nxc3 {[%clk
0:02:03]} 46. Rxc3 {[%clk 0:03:51]} Ra8 {[%clk 0:02:32]} 47. Ra3 {[%clk 0:04:05]}
Rfb8 {[%clk 0:02:46]} 48. Rb3 {[%clk 0:03:08]} Rxa4 {[%clk 0:03:02]} 49. b5
{[%clk 0:03:35]} Be6 {[%clk 0:01:56]} 1/2-1/2

[Event "U12-U20 French Championships"]
[Site "chess24.com"]
[Date "2019.04.20"]
[Round "8"]
[White "Lamaze, Simon"]
[Black "Meillon, Judicael"]
[Result "1-0"]
[Board "30"]
[WhiteElo "1937"]
[WhiteCountry "FRA"]
[WhiteFideId "36069264"]
[WhiteEloChange "11"]
[BlackElo "1987"]
[BlackCountry "FRA"]
[BlackFideId "36044288"]
[BlackEloChange "-11"]

1. Nf3 {[%clk 1:30:58]} Nf6 {[%clk 1:30:59]} 2. d4 {[%clk 1:31:21]} e6 {[%clk
1:31:26]} 3. c4 {[%clk 1:31:39]} Bb4+ {[%clk 1:30:46]} 4. Bd2 {[%clk 1:32:01]} a5
{[%clk 1:30:46]} 5. g3 {[%clk 1:31:59]} b6 {[%clk 1:28:00]} 6. Bg2 {[%clk
1:32:13]} Bb7 {[%clk 1:27:42]} 7. O-O {[%clk 1:32:11]} O-O {[%clk 1:26:14]} 8.
Nc3 {[%clk 1:28:34]} d6 {[%clk 1:23:00]} 9. Rc1 {[%clk 1:26:44]} Nbd7 {[%clk
1:19:17]} 10. Qc2 {[%clk 1:24:10]} Bxc3 {[%clk 1:16:05]} 11. Bxc3 {[%clk
1:24:24]} Ne4 {[%clk 1:14:30]} 12. Ng5 {[%clk 1:21:53]} Qxg5 {[%clk 1:11:26]} 13.
Bxe4 {[%clk 1:22:03]} Bxe4 {[%clk 1:11:47]} 14. Qxe4 {[%clk 1:22:29]} d5 {[%clk
1:11:45]} 15. Qc2 {[%clk 1:20:36]} f5 {[%clk 1:07:29]} 16. Bd2 {[%clk 1:19:15]}
Qg4 {[%clk 1:03:22]} 17. cxd5 {[%clk 1:19:21]} Nf6 {[%clk 1:03:26]} 18. dxe6
{[%clk 1:11:52]} Rae8 {[%clk 0:55:28]} 19. Bf4 {[%clk 1:08:52]} Qh3 {[%clk
0:49:12]} 20. f3 {[%clk 1:06:35]} Nd5 {[%clk 0:44:25]} 21. e3 {[%clk 0:58:14]}
Rxe6 {[%clk 0:42:20]} 22. Qb3 {[%clk 0:55:31]} Nxf4 {[%clk 0:41:48]} 23. exf4
{[%clk 0:55:48]} Re8 {[%clk 0:42:03]} 24. Rfe1 {[%clk 0:53:54]} Kf7 {[%clk
0:38:11]} 25. Rc6 {[%clk 0:52:14]} Qh6 {[%clk 0:38:26]} 26. Re5 {[%clk 0:50:06]}
Qf6 {[%clk 0:37:31]} 27. Qd5 {[%clk 0:49:39]} g6 {[%clk 0:36:55]} 28. Rxc7+
{[%clk 0:49:10]} Kf8 {[%clk 0:36:36]} 29. Qd7 {[%clk 0:48:11]} R8e7 {[%clk
0:32:55]} 30. Rxe6 {[%clk 0:47:52]} Qxe6 {[%clk 0:33:06]} 31. Qxe7+ {[%clk
0:48:15]} Qxe7 {[%clk 0:33:33]} 32. Rxe7 {[%clk 0:48:39]} Kxe7 {[%clk 0:34:00]}
33. Kf2 {[%clk 0:49:02]} Kd6 {[%clk 0:34:08]} 34. Ke3 {[%clk 0:49:25]} Kc6 {[%clk
0:32:20]} 35. Kd3 {[%clk 0:49:24]} b5 {[%clk 0:28:36]} 36. b3 {[%clk 0:48:51]}
Kd5 {[%clk 0:27:45]} 37. a4 {[%clk 0:49:09]} b4 {[%clk 0:28:07]} 38. g4 {[%clk
0:49:20]} h6 {[%clk 0:02:04]} 39. g5 {[%clk 0:49:41]} hxg5 {[%clk 0:25:15]} 40.
fxg5 {[%clk 0:50:02]} Ke6 {[%clk 0:23:55]} 41. f4 {[%clk 0:50:01]} Kd6 {[%clk
0:23:17]} 42. Kc4 {[%clk 0:50:13]} Kc6 {[%clk 0:23:36]} 43. d5+ {[%clk 0:50:26]}
Kd7 {[%clk 0:23:27]} 44. Kc5 {[%clk 0:50:49]} Kc7 {[%clk 0:23:51]} 45. d6+ {[%clk
0:51:09]} Kd8 {[%clk 0:23:56]} 46. Kc6 {[%clk 0:51:29]} Kc8 {[%clk 0:24:23]} 47.
d7+ {[%clk 0:51:55]} Kd8 {[%clk 0:24:51]} 48. h3 {[%clk 0:52:21]} Ke7 {[%clk
0:25:12]} 49. Kc7 {[%clk 0:52:44]} Ke6 {[%clk 0:25:35]} 50. d8Q {[%clk 0:52:59]}
Kf7 {[%clk 0:26:02]} 51. Qf6+ {[%clk 0:53:15]} Kg8 {[%clk 0:26:08]} 52. Qe7
{[%clk 0:53:39]} 1-0

[Event "U12-U20 French Championships"]
[Site "chess24.com"]
[Date "2019.04.20"]
[Round "8"]
[White "Croisille, Shanti"]
[Black "Cornileau, Juliette"]
[Result "1/2-1/2"]
[Board "31"]
[WhiteElo "1575"]
[WhiteCountry "FRA"]
[WhiteFideId "36016691"]
[WhiteEloChange "4"]
[BlackElo "1705"]
[BlackCountry "FRA"]
[BlackFideId "36083372"]
[BlackEloChange "-4"]

1. e4 {[%clk 1:30:58]} c5 {[%clk 1:30:39]} 2. Nf3 {[%clk 1:31:22]} Nc6 {[%clk
1:31:04]} 3. d4 {[%clk 1:31:47]} cxd4 {[%clk 1:31:30]} 4. Nxd4 {[%clk 1:32:10]}
Nf6 {[%clk 1:31:53]} 5. Nc3 {[%clk 1:32:33]} e5 {[%clk 1:32:17]} 6. Ndb5 {[%clk
1:32:55]} d6 {[%clk 1:32:40]} 7. Bg5 {[%clk 1:33:12]} a6 {[%clk 1:32:08]} 8. Bxf6
{[%clk 1:26:15]} gxf6 {[%clk 1:32:26]} 9. Na3 {[%clk 1:26:30]} b5 {[%clk
1:15:59]} 10. Nd5 {[%clk 1:26:24]} f5 {[%clk 1:15:25]} 11. exf5 {[%clk 1:15:43]}
Bxf5 {[%clk 1:14:48]} 12. Bd3 {[%clk 1:15:28]} Be6 {[%clk 1:12:08]} 13. Be4
{[%clk 1:10:17]} Rc8 {[%clk 1:06:22]} 14. c3 {[%clk 1:09:25]} Bg7 {[%clk
1:00:57]} 15. Qf3 {[%clk 0:59:39]} O-O {[%clk 0:53:06]} 16. Ne3 {[%clk 0:54:27]}
Qd7 {[%clk 0:45:04]} 17. Nf5 {[%clk 0:41:54]} d5 {[%clk 0:27:55]} 18. Qg4 {[%clk
0:35:55]} f6 {[%clk 0:27:20]} 19. Rd1 {[%clk 0:30:27]} Nd4 {[%clk 0:18:44]} 20.
Qxg7+ {[%clk 0:28:46]} Qxg7 {[%clk 0:19:12]} 21. Nxg7 {[%clk 0:29:08]} Kxg7
{[%clk 0:18:29]} 22. Bb1 {[%clk 0:28:23]} Nc6 {[%clk 0:17:43]} 23. Nc2 {[%clk
0:27:47]} Rfd8 {[%clk 0:16:06]} 24. O-O {[%clk 0:25:09]} f5 {[%clk 0:15:37]} 25.
Ne3 {[%clk 0:24:30]} f4 {[%clk 0:15:07]} 26. Nf5+ {[%clk 0:23:10]} Kf6 {[%clk
0:15:09]} 27. Nh4 {[%clk 0:21:46]} e4 {[%clk 0:13:06]} 28. Rfe1 {[%clk 0:17:58]}
Rg8 {[%clk 0:12:36]} 29. Kh1 {[%clk 0:16:38]} Rg4 {[%clk 0:09:37]} 30. g3 {[%clk
0:16:10]} f3 {[%clk 0:09:10]} 31. h3 {[%clk 0:15:43]} Rg7 {[%clk 0:06:51]} 32.
Kh2 {[%clk 0:16:03]} h5 {[%clk 0:06:34]} 33. Re3 {[%clk 0:15:31]} Ne5 {[%clk
0:06:26]} 34. Ree1 {[%clk 0:12:35]} Nf7 {[%clk 0:05:37]} 35. Bxe4 {[%clk
0:04:43]} dxe4 {[%clk 0:05:50]} 36. Rxe4 {[%clk 0:08:53]} Rc4 {[%clk 0:05:07]}
37. Rxc4 {[%clk 0:08:37]} Bxc4 {[%clk 0:05:29]} 38. Nxf3 {[%clk 0:07:51]} Be2
{[%clk 0:05:10]} 39. Rd4 {[%clk 0:08:17]} Bxf3 {[%clk 0:04:47]} 40. Rf4+ {[%clk
0:08:44]} Ke6 {[%clk 0:05:04]} 41. Rxf3 {[%clk 0:09:10]} Ne5 {[%clk 0:04:32]} 42.
Re3 {[%clk 0:08:57]} Kd5 {[%clk 0:04:52]} 43. b3 {[%clk 0:08:50]} a5 {[%clk
0:03:09]} 44. Kg2 {[%clk 0:09:04]} Ra7 {[%clk 0:02:53]} 45. f4 {[%clk 0:06:56]}
Nc6 {[%clk 0:02:56]} 46. Kf3 {[%clk 0:06:28]} a4 {[%clk 0:02:29]} 47. g4 {[%clk
0:05:28]} hxg4+ {[%clk 0:02:44]} 48. hxg4 {[%clk 0:05:53]} axb3 {[%clk 0:03:06]}
49. axb3 {[%clk 0:06:16]} Rf7 {[%clk 0:02:53]} 50. g5 {[%clk 0:05:50]} Na5 {[%clk
0:02:45]} 51. Re5+ {[%clk 0:06:06]} Kc6 {[%clk 0:02:53]} 52. c4 {[%clk 0:04:15]}
Nxb3 {[%clk 0:01:21]} 53. cxb5+ {[%clk 0:04:37]} Kb6 {[%clk 0:01:42]} 54. f5
{[%clk 0:03:48]} Nd4+ {[%clk 0:01:38]} 55. Ke4 {[%clk 0:04:10]} Nxb5 {[%clk
0:01:19]} 56. f6 {[%clk 0:04:19]} Kc6 {[%clk 0:01:03]} 57. Kf5 {[%clk 0:03:57]}
Nd4+ {[%clk 0:00:49]} 58. Kg6 {[%clk 0:03:40]} Rf8 {[%clk 0:00:39]} 59. Re3
{[%clk 0:02:51]} Kd6 {[%clk 0:00:33]} 60. f7 {[%clk 0:02:20]} Ne6 {[%clk
0:00:36]} 61. Kf6 {[%clk 0:01:00]} Nxg5 {[%clk 0:00:42]} 1/2-1/2